LEADER 01356nam0 22003613i 450 001 REA0037146 005 20231121125648.0 010 $a8830404373 100 $a19961105d1995 ||||0itac50 ba 101 | $aita 102 $ait 181 1$6z01$ai $bxxxe 182 1$6z01$an 200 1 $aDisegnare con la parte destra del cervello$eguida allo sviluppo della creativita' e delle doti artistiche$fdi Betty Edwards 205 $a11. ed 210 $aMilano$cLonganesi$d1995 215 $a216 p.$cill.$d23 cm. 225 | $a˜La œvostra via$v169 410 0$1001CFI0010760$12001 $a˜La œvostra via$v169 500 10$aDrawing on the right side of the brain$3LIG0005349$929259 606 $aPercezione visiva$2FIR$3RMLC046757$9I 606 $aDisegno$2FIR$3RMLC071282$9I 676 $a741$9$v21 700 1$aEdwards$b, Betty$3CFIV023614$4070$024597 801 3$aIT$bIT-01$c19961105 850 $aIT-RM0289 $aIT-FR0017 899 $aBiblioteca Statale A. Baldini$bRM0289 899 $aBiblioteca umanistica Giorgio Aprea$bFR0017 $eN 912 $aREA0037146 950 0$aBiblioteca umanistica Giorgio Aprea$d 52PDD E 179$e 52SBA0000234255 VMN RS $fA $h20180215$i20180215 977 $a 04$a 52 996 $aDrawing on the right side of the brain$929259 997 $aUNICAS